00754nam a22002057a 450000500170000001000150001702000260003203500140005803700130007208200100008524500890009526000320018427000700021630000430028670000140032970000240034394200240036799900190039195201380041020170822153205.0 aENG-119974 c1495.00a978818931139 aEN-103506 bDBAD/PUB a616.8 aProgress in clinical neurosciences /cedited by V.P. Signh [and] Muralidharan Nair  aDelhi bByword Books c2013 aVirat Bhavan, Mukherjee Nagar Commercial Complex, bDelhie110009 aVolume 27, ix, 326p. :c22cm (Hb)bill aV.P Singh aNair, Muralidharan  2ddccENh616.8mPRO c143664d143664 001040718NFICaDBADbDBADd2017-08-22eDBAD/PUBg1495.00l0o616.8 PROpEN-103506r2017-08-22 00:00:00t1v1495.00w2017-08-22yEN